| 000 | 00627nam a2200193Ia 4500 | ||
|---|---|---|---|
| 005 | 20250508153420.0 | ||
| 008 | 008 250505s9999 xx 000 0 eng d | ||
| 037 | _aBooks to be hide in OPAC | ||
| 040 |
_aFEDL _beng _cFEDL |
||
| 041 |
_aeng _2eng |
||
| 084 |
_a378.36, UNI/O _qFEDL |
||
| 100 |
_aHall Robert C _9763935 |
||
| 245 | 0 | _aNational defense student loan program: A two-year report | |
| 245 | 0 | _cU S Department of Health, Education and Welfare | |
| 260 |
_aWashington, USA _bU.S. Government Printing Office _c1961 |
||
| 300 | _avi,44p | ||
| 942 |
_cHB _h378.36, UNI/O |
||
| 999 |
_c1342704 _d1342704 |
||